[Event "82nd Tata Steel Qualifiers 2020"]
[Site "Wijk aan Zee"]
[Date "2020.01.20"]
[Round "4.3"]
[White "Beukema, Stefan"]
[Black "Pijpers, Arthur"]
[Result "0-1"]
[WhiteElo "2389"]
[BlackElo "2480"]
[Annotator "TA"]
[PlyCount "72"]
[EventDate "2020.01.18"]
[EventCountry "NED"]
[SourceTitle "playchess.com"]
[Source "ChessBase"]
[SourceQuality "1"]

1. e4 c5 2. Nf3 d6 3. d4 cxd4 4. Qxd4 Nc6 5. Bb5 a6 6. Bxc6+ bxc6 7. b3 e5 8. Qd3 Be7 9. O-O Qc7 10. c4 Nf6 11. Nc3 O-O 12. Rd1 Be6 13. Bb2 Rad8 14. Rac1 Qa7 15. h3 Nd7 16. Ba3 c5 17. Nd5 Nb8 18. b4 Nc6 19. bxc5 dxc5 20. Nxe7+ Qxe7 21. Qe3 Rxd1+ 22. Rxd1 Nb4 23. Nxe5 Rc8 24. Bxb4 cxb4 25. Qb6 h6 26. Qxa6 Qc5 27. Qd6 Bxc4 28. Nxc4 Qxc4 29. Rd4 Qxa2 30. Rxb4 Rc1+ 31. Kh2 Qxf2 32. Rb8+ Kh7 33. Qe5 Qg1+ 34. Kg3 Qe3+ 35. Kh2 Rf1 36. h4 Rf4 0-1

[Event "Tata Steel Tienkampen 2023"]
[Site "Wijk aan Zee"]
[Date "2023.01.23"]
[Round "4.3"]
[White "Van Dael, Siem"]
[Black "Pijpers, Arthur"]
[Result "1-0"]
[WhiteElo "2291"]
[BlackElo "2445"]
[Annotator "TA"]
[PlyCount "63"]
[EventDate "2023.01.20"]
[EventType "swiss"]
[EventCountry "NED"]
[SourceTitle "playchess.com"]
[Source "ChessBase"]
[SourceQuality "1"]

1. e4 c5 2. Nf3 Nc6 3. d4 cxd4 4. Nxd4 Nf6 5. Nc3 d6 6. Bg5 e6 7. Qd2 a6 8. O-O-O Be7 9. f3 Nxd4 10. Qxd4 b5 11. Kb1 Bb7 12. Bd2 O-O 13. Bd3 Qc7 14. Rhe1 b4 15. Qxb4 d5 16. Qb3 Rab8 17. exd5 Bxd5 18. Nxd5 Nxd5 19. Qc4 Qd6 20. b3 Bf6 21. Qxa6 Qc5 22. Re4 Ra8 23. Rc4 Qe7 24. Qb5 Qa3 25. c3 Rfb8 26. Ra4 Qxa4 27. bxa4 Rxb5+ 28. axb5 Bxc3 29. Bc4 Nb6 30. Bb3 Bd4 31. Bb4 e5 32. Rc1 1-0

[Event "82nd Tata Steel Masters 2020"]
[Site "Wijk aan Zee"]
[Date "2020.01.14"]
[Round "4.4"]
[White "So, Wesley"]
[Black "Firouzja, Alireza"]
[Result "1-0"]
[WhiteElo "2765"]
[BlackElo "2723"]
[Annotator "TA"]
[PlyCount "94"]
[EventDate "2020.01.11"]
[EventType "tourn"]
[EventCountry "NED"]
[SourceTitle "playchess.com"]
[Source "ChessBase"]
[SourceQuality "1"]

1. d4 d5 2. c4 dxc4 3. Nf3 Nf6 4. e3 e6 5. Bxc4 c5 6. O-O a6 7. b3 cxd4 8. Nxd4 Be7 9. Bb2 O-O 10. Be2 Bd7 11. Nd2 Nc6 12. Rc1 Rc8 13. N4f3 b5 14. a3 Qb6 15. Rc2 e5 16. Bd3 Rfd8 17. Qe2 Bg4 18. Rfc1 Na7 19. Rxc8 Rxc8 20. Rxc8+ Nxc8 21. h3 Bxf3 22. Qxf3 Qd8 23. Qe2 Qd5 24. Bc2 Nd6 25. Qd3 Qxd3 26. Bxd3 Nd7 27. g4 g6 28. Ne4 Nxe4 29. Bxe4 Nc5 30. Bc2 e4 31. b4 Nd3 32. Bc3 Kf8 33. Kf1 f5 34. Ke2 Bd8 35. Bxd3 exd3+ 36. Kxd3 Kf7 37. e4 fxg4 38. hxg4 g5 39. Kd4 Bb6+ 40. Kd5 Bxf2 41. Kc6 Ke6 42. Kb7 Kd7 43. Kxa6 Kc6 44. e5 Be3 45. e6 Bc1 46. a4 bxa4 47. Be5 Kd5 1-0

[Event "85th Tata Steel Masters 2023"]
[Site "Wijk aan Zee"]
[Date "2023.01.17"]
[Round "4.4"]
[White "Abdusattorov, Nodirbek"]
[Black "Maghsoodloo, Parham"]
[Result "1-0"]
[WhiteElo "2713"]
[BlackElo "2719"]
[Annotator "TA"]
[PlyCount "127"]
[EventDate "2023.01.10"]
[EventType "tourn"]
[EventCountry "NED"]
[SourceTitle "playchess.com"]
[Source "ChessBase"]
[SourceQuality "1"]

1. e4 e5 2. Nf3 Nc6 3. Bb5 a6 4. Ba4 Nf6 5. O-O Be7 6. d3 d6 7. c3 O-O 8. Re1 b5 9. Bc2 Re8 10. Nbd2 Bf8 11. Nf1 g6 12. h3 Bg7 13. Ng3 d5 14. d4 dxe4 15. Nxe4 exd4 16. Bg5 Be6 17. Bb3 h6 18. Bxe6 Rxe6 19. Nxf6+ Bxf6 20. Rxe6 fxe6 21. Qe2 hxg5 22. Qxe6+ Kh7 23. Qxc6 dxc3 24. bxc3 b4 25. Re1 bxc3 26. Re6 Kg7 27. Ne5 Qd1+ 28. Kh2 Bxe5+ 29. Rxe5 Qd6 30. Qxc3 Re8 31. f4 Kf8 32. Rxg5 Qxf4+ 33. Rg3 Re6 34. Kg1 Kg8 35. Rd3 c5 36. Rd8+ Kf7 37. Rd7+ Ke8 38. Rd5 Qh4 39. Rd1 c4 40. Rf1 Kd7 41. Qb4 Qd4+ 42. Kh1 Qd5 43. Qf8 Re7 44. Qf6 Rh7 45. Rf4 Kc7 46. Rd4 Rf7 47. Qh8 Qb5 48. a4 Qc5 49. Rd1 Rd7 50. Rb1 Rd8 51. Qg7+ Rd7 52. Qb2 Kc6 53. Qb8 Rd3 54. Qb7+ Kd6 55. Qxa6+ Ke7 56. Qxg6 Kd7 57. a5 Qd5 58. Qg4+ Kd6 59. a6 c3 60. Rb6+ Ke5 61. Qg5+ Ke4 62. Qe7+ Qe5 63. Qh4+ Kf5 64. Qg4# 1-0

[Event "84th Tata Steel Masters 2022"]
[Site "Wijk aan Zee"]
[Date "2022.01.18"]
[Round "4.4"]
[White "Shankland, Sam"]
[Black "Rapport, Richard"]
[Result "1/2-1/2"]
[WhiteElo "2708"]
[BlackElo "2763"]
[Annotator "TA"]
[PlyCount "47"]
[EventDate "2022.01.15"]
[EventType "tourn"]
[EventCountry "NED"]
[SourceTitle "playchess.com"]
[Source "ChessBase"]
[SourceQuality "1"]

1. e4 e5 2. Nf3 Nf6 3. d4 Nxe4 4. Bd3 d5 5. Nxe5 Nd7 6. Nc3 Nxc3 7. bxc3 Bd6 8. O-O O-O 9. Re1 c5 10. Qf3 c4 11. Bf5 Nxe5 12. dxe5 Bc5 13. Bxc8 Rxc8 14. Be3 Bxe3 15. Qxe3 b6 16. Rad1 Qd7 17. e6 fxe6 18. Qxe6+ Qxe6 19. Rxe6 Rc5 20. f3 Ra5 21. Re7 Rf7 22. Re8+ Rf8 23. Re7 Rf7 24. Re8+ 1/2-1/2

[Event "83rd Tata Steel Masters 2021"]
[Site "Wijk aan Zee"]
[Date "2021.01.19"]
[Round "4.4"]
[White "Esipenko, Andrey"]
[Black "Grandelius, Nils"]
[Result "1/2-1/2"]
[WhiteElo "2677"]
[BlackElo "2663"]
[Annotator "TA"]
[PlyCount "88"]
[EventDate "2021.01.16"]
[EventType "tourn"]
[EventCountry "NED"]
[SourceTitle "playchess.com"]
[Source "ChessBase"]
[SourceQuality "1"]

1. e4 c5 2. Nf3 d6 3. d4 cxd4 4. Nxd4 Nf6 5. Nc3 a6 6. Be2 e5 7. Nb3 Be6 8. f4 Be7 9. O-O O-O 10. Kh1 Re8 11. Qd3 b5 12. Nd5 Nc6 13. c3 exf4 14. Bxf4 Ne5 15. Nxe7+ Qxe7 16. Qc2 Qb7 17. Nd2 Rac8 18. Bg5 Nfd7 19. Rf2 d5 20. exd5 Bxd5 21. Rg1 Re6 22. Nf1 h6 23. Bf4 Nf6 24. Ne3 Be4 25. Qd1 Ng6 26. Bg3 Bc6 27. Nf5 Ne4 28. Rff1 Nxg3+ 29. hxg3 Qc7 30. Qd4 Re5 31. Bg4 Rd8 32. Qf2 Rdd5 33. Rd1 Qd8 34. Rgf1 Qg5 35. Rd4 f6 36. Bh3 Bd7 37. Rxd5 Rxd5 38. Qf3 Rd2 39. Qa8+ Kh7 40. Qe4 Kh8 41. Nh4 Ne5 42. Qa8+ Kh7 43. Qe4+ Kh8 44. Qa8+ Kh7 1/2-1/2

[Event "85th Tata Steel Challengers 2023"]
[Site "Wijk aan Zee"]
[Date "2023.01.17"]
[Round "4.4"]
[White "Yilmaz, Mustafa"]
[Black "Warmerdam, Max"]
[Result "1-0"]
[WhiteElo "2609"]
[BlackElo "2616"]
[Annotator "TA"]
[PlyCount "91"]
[EventDate "2023.01.10"]
[EventType "tourn"]
[EventCountry "NED"]
[SourceTitle "playchess.com"]
[Source "ChessBase"]
[SourceQuality "1"]

1. d4 d5 2. c4 c6 3. Nf3 Nf6 4. Nc3 e6 5. e3 Nbd7 6. Be2 Bd6 7. O-O O-O 8. b3 b6 9. Bb2 Bb7 10. Qc2 Qe7 11. Rad1 Rad8 12. Rfe1 Rfe8 13. h3 h6 14. Bf1 c5 15. cxd5 exd5 16. Ba1 Rc8 17. Qb2 cxd4 18. Nxd4 Ba3 19. Qb1 Bb4 20. Rc1 Ne5 21. Rc2 Ne4 22. Rec1 Bxc3 23. Bxc3 Rxc3 24. Rxc3 Nxc3 25. Rxc3 Rc8 26. Rxc8+ Bxc8 27. Qb2 Bd7 28. b4 Nc6 29. Nxc6 Bxc6 30. Qd4 Qd7 31. Be2 Qf5 32. Bd3 Qd7 33. Qf4 Kf8 34. b5 Ba8 35. Qb8+ Qe8 36. Qxa7 Qd8 37. Be2 d4 38. exd4 Bd5 39. Bf1 Be6 40. Qa3+ Kg8 41. Qb2 Qa8 42. a3 Qe4 43. Qd2 Bd5 44. Kh2 Qb1 45. Bd3 Qb3 46. Qc2 1-0

[Event "84th Tata Steel Challengers 2022"]
[Site "Wijk aan Zee"]
[Date "2022.01.18"]
[Round "4.4"]
[White "Warmerdam, Max"]
[Black "Jumabayev, Rinat"]
[Result "1/2-1/2"]
[WhiteElo "2599"]
[BlackElo "2631"]
[Annotator "TA"]
[PlyCount "83"]
[EventDate "2022.01.15"]
[EventType "tourn"]
[EventCountry "NED"]
[SourceTitle "playchess.com"]
[Source "ChessBase"]
[SourceQuality "1"]

1. c4 c6 2. e4 d5 3. exd5 cxd5 4. d4 Nf6 5. Nc3 Nc6 6. Nf3 Be6 7. c5 Bg4 8. Be3 Bxf3 9. Qxf3 g6 10. Bb5 Bg7 11. O-O O-O 12. Rfd1 Qd7 13. Rab1 Rfd8 14. h3 a6 15. Ba4 Qf5 16. Qxf5 gxf5 17. b4 e6 18. Ne2 Nd7 19. a3 Rac8 20. Rbc1 Nf8 21. Nf4 Ng6 22. Nh5 Bh8 23. g3 Rc7 24. Kg2 Rdc8 25. Nf4 Bf6 26. Nh5 Be7 27. h4 Na7 28. Nf4 Bf6 29. Nxg6 fxg6 30. Rd3 Nc6 31. Bf4 Rg7 32. Re1 Kf7 33. Bg5 Rgg8 34. Be3 g5 35. hxg5 Bxg5 36. Rh1 Bxe3 37. Rxe3 Nxd4 38. Rxh7+ Rg7 39. Rh4 Rg4 40. Rh7+ Rg7 41. Rh4 Rg4 42. Rh7+ 1/2-1/2

[Event "Tata Steel Tienkampen 2023"]
[Site "Wijk aan Zee"]
[Date "2023.01.23"]
[Round "4.4"]
[White "Pham, Khoi"]
[Black "Van der Werf, Mark"]
[Result "1/2-1/2"]
[WhiteElo "2353"]
[BlackElo "2412"]
[Annotator "TA"]
[PlyCount "93"]
[EventDate "2023.01.20"]
[EventType "swiss"]
[EventCountry "NED"]
[SourceTitle "playchess.com"]
[Source "ChessBase"]
[SourceQuality "1"]

1. e4 e5 2. Nf3 Nc6 3. Bb5 a6 4. Ba4 Nf6 5. O-O Be7 6. Re1 b5 7. Bb3 d6 8. c3 O-O 9. h3 Re8 10. d4 Bb7 11. Nbd2 Bf8 12. a4 h6 13. Bc2 exd4 14. cxd4 Nb4 15. Bb1 c5 16. d5 Nd7 17. Ra3 c4 18. Nd4 Qf6 19. N2f3 Nc5 20. b3 Nbd3 21. Bxd3 Nxd3 22. Re3 Nxc1 23. bxc4 Rac8 24. Qxc1 Rxc4 25. Qd2 b4 26. Ra2 a5 27. Rc2 Rec8 28. Rxc4 Rxc4 29. Nb3 Qd8 30. Nfd4 Qb6 31. Rf3 Be7 32. Qf4 Bf6 33. Nf5 Bxd5 34. Nxd6 Rc6 35. exd5 Rxd6 36. Qc4 Qd8 37. Rd3 Qe8 38. g3 Qxa4 39. Qc5 Be7 40. Nxa5 Rd7 41. Qc8+ Rd8 42. Qc7 Rd7 43. Qb8+ Rd8 44. Qb6 Qd7 45. Nc6 Ra8 46. Kg2 Ra3 47. Qe3 1/2-1/2

[Event "84th Tata Steel Masters 2022"]
[Site "Wijk aan Zee"]
[Date "2022.01.18"]
[Round "4.5"]
[White "Caruana, Fabiano"]
[Black "Dubov, Daniil"]
[Result "1/2-1/2"]
[WhiteElo "2792"]
[BlackElo "2720"]
[Annotator "TA"]
[PlyCount "76"]
[EventDate "2022.01.15"]
[EventType "tourn"]
[EventCountry "NED"]
[SourceTitle "playchess.com"]
[Source "ChessBase"]
[SourceQuality "1"]

1. e4 e5 2. Nf3 Nc6 3. Bb5 a6 4. Ba4 Nf6 5. O-O Be7 6. Re1 b5 7. Bb3 O-O 8. a4 Bb7 9. d3 d6 10. c3 Na5 11. Ba2 c5 12. Bg5 Qd7 13. Nbd2 bxa4 14. Bb1 Bc6 15. d4 cxd4 16. cxd4 h6 17. Bh4 Nh5 18. Bxe7 Qxe7 19. Bc2 Nb3 20. Nxb3 axb3 21. Bxb3 Nf6 22. Bc2 Rfb8 23. b3 Bb5 24. Qd2 Nh7 25. Rad1 Ng5 26. Nxg5 Qxg5 27. Re3 Rc8 28. dxe5 dxe5 29. Bd3 Bxd3 30. Rxd3 Qxd2 31. R1xd2 Rc1+ 32. Rd1 Rxd1+ 33. Rxd1 Rb8 34. Rd3 Rb4 35. f3 a5 36. h4 h5 37. Rd5 f6 38. Rxa5 Rxb3 1/2-1/2

[Event "85th Tata Steel Masters 2023"]
[Site "Wijk aan Zee"]
[Date "2023.01.17"]
[Round "4.5"]
[White "So, Wesley"]
[Black "Aronian, Levon"]
[Result "1/2-1/2"]
[WhiteElo "2760"]
[BlackElo "2735"]
[Annotator "TA"]
[PlyCount "91"]
[EventDate "2023.01.10"]
[EventType "tourn"]
[EventCountry "NED"]
[SourceTitle "playchess.com"]
[Source "ChessBase"]
[SourceQuality "1"]

1. c4 Nf6 2. Nc3 e5 3. Nf3 Nc6 4. g3 d5 5. cxd5 Nxd5 6. Bg2 Bc5 7. O-O O-O 8. d3 h6 9. Nxd5 Qxd5 10. b3 e4 11. dxe4 Qxe4 12. Bb2 Rd8 13. Qc1 Qb4 14. Bc3 Qa3 15. Qxa3 Bxa3 16. Rfd1 Be6 17. Nd2 Nd4 18. Bxd4 Rxd4 19. e3 Rd6 20. Nc4 Bxc4 21. bxc4 c6 22. Rxd6 Bxd6 23. Rb1 Rb8 24. h4 Kf8 25. h5 Ke7 26. Kf1 Kd7 27. Ke2 Kc7 28. f4 Rd8 29. Rd1 Bb4 30. Rxd8 Kxd8 31. g4 f6 32. Kd3 Ke7 33. Be4 Ba3 34. Bf5 Bc1 35. Bc8 b5 36. cxb5 cxb5 37. Ba6 b4 38. Kc4 Bxe3 39. Kxb4 Bxf4 40. Kc3 f5 41. Bc8 Be5+ 42. Kd3 f4 43. Ke4 Bb8 44. a4 a5 45. Ba6 g5 46. Kf3 1/2-1/2

[Event "83rd Tata Steel Masters 2021"]
[Site "Wijk aan Zee"]
[Date "2021.01.19"]
[Round "4.5"]
[White "Harikrishna, Pentala"]
[Black "Caruana, Fabiano"]
[Result "1/2-1/2"]
[WhiteElo "2732"]
[BlackElo "2823"]
[Annotator "TA"]
[PlyCount "88"]
[EventDate "2021.01.16"]
[EventType "tourn"]
[EventCountry "NED"]
[SourceTitle "playchess.com"]
[Source "ChessBase"]
[SourceQuality "1"]

1. e4 e5 2. Nf3 Nc6 3. Bb5 a6 4. Ba4 Nf6 5. O-O b5 6. Bb3 Bc5 7. a4 Rb8 8. c3 d6 9. d4 Bb6 10. a5 Ba7 11. h3 Bb7 12. Re1 O-O 13. Be3 exd4 14. cxd4 Ne7 15. Nbd2 Ng6 16. d5 Bxe3 17. Rxe3 c6 18. dxc6 Bxc6 19. Bc2 Re8 20. Re1 Bb7 21. b4 Nh5 22. Ra3 Nhf4 23. Nf1 Qf6 24. Ng3 Rbd8 25. Rae3 Ne5 26. Bb3 g6 27. Nh2 h5 28. Ne2 Nc4 29. Bxc4 bxc4 30. Nxf4 Qxf4 31. Qc2 d5 32. exd5 Rxe3 33. Rxe3 Bxd5 34. Nf3 Be6 35. Ne5 Qd4 36. Nxg6 Qd1+ 37. Qxd1 Rxd1+ 38. Kh2 c3 39. Rxc3 fxg6 40. Rc6 Kf7 41. Rxa6 Rd2 42. Kg1 Rd1+ 43. Kh2 Rd2 44. Kg1 Rd1+ 1/2-1/2

[Event "82nd Tata Steel Masters 2020"]
[Site "Wijk aan Zee"]
[Date "2020.01.14"]
[Round "4.5"]
[White "Xiong, Jeffery"]
[Black "Caruana, Fabiano"]
[Result "1/2-1/2"]
[WhiteElo "2712"]
[BlackElo "2822"]
[Annotator "TA"]
[PlyCount "71"]
[EventDate "2020.01.11"]
[EventType "tourn"]
[EventCountry "NED"]
[SourceTitle "playchess.com"]
[Source "ChessBase"]
[SourceQuality "1"]

1. d4 Nf6 2. c4 e6 3. Nc3 Bb4 4. Nf3 O-O 5. Qc2 c5 6. dxc5 Na6 7. g3 Nxc5 8. Bg2 Nce4 9. O-O Nxc3 10. bxc3 Be7 11. e4 d6 12. e5 dxe5 13. Nxe5 Qc7 14. Qe2 Nd7 15. Bf4 Nxe5 16. Bxe5 Bd6 17. Rfe1 Rb8 18. Rad1 Bxe5 19. Qxe5 Qxe5 20. Rxe5 b6 21. c5 Ba6 22. c6 Rbc8 23. Bf3 Rc7 24. Rd4 Re8 25. a4 Kf8 26. Re1 Bc8 27. a5 bxa5 28. Re5 Ke7 29. Rxa5 Rd8 30. Rb4 a6 31. Kg2 Ra7 32. c4 Kd6 33. Rb7 Bxb7 34. cxb7 Kc7 35. c5 Rxb7 36. Rxa6 1/2-1/2

[Event "85th Tata Steel Challengers 2023"]
[Site "Wijk aan Zee"]
[Date "2023.01.17"]
[Round "4.5"]
[White "Pechac, Jergus"]
[Black "Donchenko, Alexander"]
[Result "0-1"]
[WhiteElo "2637"]
[BlackElo "2627"]
[Annotator "TA"]
[PlyCount "72"]
[EventDate "2023.01.10"]
[EventType "tourn"]
[EventCountry "NED"]
[SourceTitle "playchess.com"]
[Source "ChessBase"]
[SourceQuality "1"]

1. e4 c5 2. c3 Nf6 3. e5 Nd5 4. d4 cxd4 5. Bc4 Nb6 6. Bb3 d6 7. Nf3 Nc6 8. a4 e6 9. exd6 Bxd6 10. cxd4 Nd5 11. Nc3 O-O 12. O-O b6 13. Re1 Bb7 14. Nxd5 exd5 15. Bg5 Qd7 16. Ne5 Qf5 17. Bh4 Nxe5 18. dxe5 Bc5 19. Bc2 Qf4 20. Bg3 Qh6 21. Qf3 Rad8 22. Bf4 Qh4 23. g3 Qe7 24. h4 d4 25. Qd3 g6 26. f3 Qe6 27. Kg2 Bd5 28. b3 Bb4 29. Re2 Rc8 30. Rf1 Rfd8 31. Kh2 Bb7 32. Bg5 Rc3 33. Qb5 Be7 34. Bxe7 Qxe7 35. Be4 d3 36. Rd2 Rc5 0-1

[Event "84th Tata Steel Challengers 2022"]
[Site "Wijk aan Zee"]
[Date "2022.01.18"]
[Round "4.5"]
[White "Van Foreest, Lucas"]
[Black "Bjerre, Jonas Buhl"]
[Result "1/2-1/2"]
[WhiteElo "2530"]
[BlackElo "2586"]
[Annotator "TA"]
[PlyCount "53"]
[EventDate "2022.01.15"]
[EventType "tourn"]
[EventCountry "NED"]
[SourceTitle "playchess.com"]
[Source "ChessBase"]
[SourceQuality "1"]

1. d4 Nf6 2. c4 e6 3. Nf3 d5 4. g3 dxc4 5. Bg2 a6 6. O-O Nc6 7. Nc3 Rb8 8. e4 Be7 9. d5 exd5 10. exd5 Nb4 11. Ne5 Bf5 12. Nxc4 O-O 13. a3 Nd3 14. Be3 Re8 15. b4 Ng4 16. Ne4 b5 17. Na5 Nxe3 18. fxe3 Bxe4 19. Bxe4 Ne5 20. Nc6 Nxc6 21. Bxh7+ Kxh7 22. Qh5+ Kg8 23. Qxf7+ Kh8 24. Qh5+ Kg8 25. Qf7+ Kh8 26. Qh5+ Kg8 27. Qf7+ 1/2-1/2

[Event "82nd Tata Steel Qualifiers 2020"]
[Site "Wijk aan Zee"]
[Date "2020.01.20"]
[Round "4.5"]
[White "De Boer, Eelke"]
[Black "Zwirs, Nico"]
[Result "*"]
[WhiteElo "2324"]
[BlackElo "2418"]
[Annotator "TA"]
[PlyCount "36"]
[EventDate "2020.01.18"]
[EventCountry "NED"]
[SourceTitle "playchess.com"]
[Source "ChessBase"]
[SourceQuality "1"]

1. d4 Nf6 2. c4 g6 3. g3 Bg7 4. Bg2 O-O 5. Nc3 d6 6. Nf3 Nbd7 7. O-O e5 8. h3 c6 9. e4 exd4 10. Nxd4 Re8 11. Re1 Qb6 12. Nc2 Nc5 13. Rb1 Ng4 14. hxg4 Bxc3 15. Re3 Bg7 16. b3 Be6 17. Re1 a5 18. Be3 Rad8 *

[Event "Tata Steel Tienkampen 2023"]
[Site "Wijk aan Zee"]
[Date "2023.01.23"]
[Round "4.5"]
[White "Martins, Vinicius Tine"]
[Black "Zwirs, Nico"]
[Result "0-1"]
[WhiteElo "2320"]
[BlackElo "2467"]
[Annotator "TA"]
[PlyCount "88"]
[EventDate "2023.01.20"]
[EventType "swiss"]
[EventCountry "NED"]
[SourceTitle "playchess.com"]
[Source "ChessBase"]
[SourceQuality "1"]

1. Nf3 d5 2. e3 Nf6 3. b3 e6 4. Bb2 Bd6 5. c4 O-O 6. Nc3 c6 7. Qc2 e5 8. cxd5 cxd5 9. Nb5 Nc6 10. Nxd6 Qxd6 11. Rc1 Bg4 12. h3 Bxf3 13. gxf3 Rac8 14. h4 Ne7 15. Qb1 Rxc1+ 16. Qxc1 Rc8 17. Qb1 d4 18. Bh3 Rd8 19. Qc2 Qd5 20. Bg2 Rc8 21. Qb1 Qb5 22. Bh3 Rd8 23. Qc2 Nc6 24. a3 Qd5 25. Bg2 Na5 26. b4 Nc4 27. O-O d3 28. Qc1 b5 29. Bc3 Rd6 30. Qa1 Nd7 31. f4 Rg6 32. f3 exf4 33. e4 Qe6 34. Qe1 Qh3 35. Rf2 Nde5 36. Bxe5 Nxe5 37. Qd1 h5 38. Kf1 Qxh4 39. Qa1 Qg5 40. Ke1 Qf6 41. Qc3 Nc4 42. Qc1 Qd4 43. Bf1 Rg1 44. Rh2 g6 0-1

[Event "82nd Tata Steel Masters 2020"]
[Site "Wijk aan Zee"]
[Date "2020.01.14"]
[Round "4.6"]
[White "Giri, Anish"]
[Black "Vitiugov, Nikita"]
[Result "1/2-1/2"]
[WhiteElo "2768"]
[BlackElo "2747"]
[Annotator "TA"]
[PlyCount "59"]
[EventDate "2020.01.11"]
[EventType "tourn"]
[EventCountry "NED"]
[SourceTitle "playchess.com"]
[Source "ChessBase"]
[SourceQuality "1"]

1. Nf3 d5 2. d4 Nf6 3. Bf4 e6 4. e3 Bd6 5. Nbd2 Bxf4 6. exf4 O-O 7. c3 b6 8. h4 c5 9. h5 h6 10. Ne5 Bb7 11. Ndf3 Nc6 12. Nxc6 Bxc6 13. Bd3 Rc8 14. Qe2 Rc7 15. a3 Ba4 16. Kf1 Bb3 17. Kg1 Qd6 18. Qd2 a5 19. Re1 Rb8 20. Rh3 Ba4 21. Bb1 Ne4 22. Qe3 b5 23. dxc5 Qxc5 24. Nd4 b4 25. axb4 axb4 26. Bxe4 dxe4 27. Qxe4 Bd7 28. g4 Rbc8 29. Ree3 Qa5 30. Kh2 1/2-1/2

[Event "84th Tata Steel Masters 2022"]
[Site "Wijk aan Zee"]
[Date "2022.01.18"]
[Round "4.6"]
[White "Karjakin, Sergey"]
[Black "Giri, Anish"]
[Result "1/2-1/2"]
[WhiteElo "2743"]
[BlackElo "2772"]
[Annotator "TA"]
[PlyCount "27"]
[EventDate "2022.01.15"]
[EventType "tourn"]
[EventCountry "NED"]
[SourceTitle "playchess.com"]
[Source "ChessBase"]
[SourceQuality "1"]

1. d4 Nf6 2. c4 g6 3. Nc3 d5 4. cxd5 Nxd5 5. e4 Nxc3 6. bxc3 Bg7 7. Nf3 c5 8. Be3 Qa5 9. Nd2 O-O 10. Nb3 Qxc3+ 11. Bd2 Qb2 12. Bc1 Qc3+ 13. Bd2 Qb2 14. Bc1 1/2-1/2

[Event "85th Tata Steel Masters 2023"]
[Site "Wijk aan Zee"]
[Date "2023.01.17"]
[Round "4.6"]
[White "Keymer, Vincent"]
[Black "Erigaisi Arjun"]
[Result "1/2-1/2"]
[WhiteElo "2696"]
[BlackElo "2722"]
[Annotator "TA"]
[PlyCount "90"]
[EventDate "2023.01.10"]
[EventType "tourn"]
[EventCountry "NED"]
[SourceTitle "playchess.com"]
[Source "ChessBase"]
[SourceQuality "1"]

1. d4 d5 2. Nf3 Nf6 3. e3 c5 4. Be2 Nc6 5. c3 e6 6. O-O h6 7. a3 c4 8. a4 Bd6 9. b3 cxb3 10. Nbd2 O-O 11. Qxb3 Na5 12. Qa2 b6 13. Ba3 Bxa3 14. Qxa3 Bb7 15. Rfc1 Rc8 16. Ne5 Nd7 17. Nef3 Rc7 18. Qb4 Nb8 19. Rc2 Nbc6 20. Qb2 Ne7 21. Rac1 Qa8 22. h3 Rfc8 23. Qa3 Nf5 24. Qb4 Rd8 25. c4 dxc4 26. Nxc4 Nxc4 27. Rxc4 Rxc4 28. Rxc4 Ba6 29. Rc2 Bxe2 30. Rxe2 Qc6 31. a5 Nd6 32. Ne5 Qc7 33. axb6 axb6 34. Rb2 b5 35. Ra2 f6 36. Nd3 Qc4 37. Qa5 Rc8 38. Nb4 Qb3 39. Ra1 Kh7 40. Qa3 Qxa3 41. Rxa3 Rc1+ 42. Kh2 Ne4 43. Nd3 b4 44. Nxb4 Nxf2 45. Nd3 Nxd3 1/2-1/2

[Event "83rd Tata Steel Masters 2021"]
[Site "Wijk aan Zee"]
[Date "2021.01.19"]
[Round "4.6"]
[White "Donchenko, Alexander"]
[Black "Wojtaszek, Radoslaw"]
[Result "1/2-1/2"]
[WhiteElo "2668"]
[BlackElo "2705"]
[Annotator "TA"]
[PlyCount "99"]
[EventDate "2021.01.16"]
[EventType "tourn"]
[EventCountry "NED"]
[SourceTitle "playchess.com"]
[Source "ChessBase"]
[SourceQuality "1"]

1. e4 c5 2. Nf3 d6 3. d4 cxd4 4. Nxd4 Nf6 5. Nc3 a6 6. h3 e5 7. Nde2 h5 8. g3 Be7 9. Bg2 b5 10. Nd5 Nxd5 11. Qxd5 Ra7 12. Be3 Rb7 13. g4 h4 14. f4 Nd7 15. f5 Nb6 16. Qc6+ Qd7 17. Qxd7+ Bxd7 18. b3 g5 19. O-O-O f6 20. Bd2 Bc6 21. Bb4 Rd7 22. Nc3 Kf7 23. Rd2 Ra8 24. Rhd1 a5 25. Bxd6 b4 26. Bxe7 Rxd2 27. Rxd2 Kxe7 28. Nd1 Rd8 29. Rxd8 Kxd8 30. Nf2 Ke7 31. Kb2 Kd6 32. a3 bxa3+ 33. Kxa3 Kc5 34. c3 Bb5 35. Nd1 Be2 36. Ne3 Bd3 37. Kb2 a4 38. Ka3 axb3 39. Kxb3 Nc4 40. Nxc4 Bxc4+ 41. Kc2 Kb5 42. Kd2 Ka4 43. Bf3 Kb3 44. Bd1+ Kb2 45. Bc2 Ka3 46. Bd3 Ba2 47. Bb5 Bb1 48. Bd3 Ba2 49. Bb5 Bb1 50. Bd3 1/2-1/2

[Event "85th Tata Steel Challengers 2023"]
[Site "Wijk aan Zee"]
[Date "2023.01.17"]
[Round "4.6"]
[White "Supi, Luis Paulo"]
[Black "Beerdsen, Thomas"]
[Result "1/2-1/2"]
[WhiteElo "2608"]
[BlackElo "2515"]
[Annotator "TA"]
[PlyCount "79"]
[EventDate "2023.01.10"]
[EventType "tourn"]
[EventCountry "NED"]
[SourceTitle "playchess.com"]
[Source "ChessBase"]
[SourceQuality "1"]

1. e4 c5 2. c3 Nf6 3. e5 Nd5 4. Nf3 e6 5. d4 cxd4 6. cxd4 b6 7. h4 Qc7 8. h5 Nc6 9. Na3 a6 10. h6 b5 11. Bd2 Bb7 12. Rc1 Qb6 13. Nc2 f6 14. Bd3 fxe5 15. dxe5 gxh6 16. Be4 Nce7 17. Ne3 Rg8 18. Nh2 Nf4 19. Neg4 Bxe4 20. Nf6+ Kd8 21. Bxf4 Nd5 22. Nxe4 Nxf4 23. Qf3 Bb4+ 24. Kf1 Nd5 25. Nf6 Rf8 26. Nhg4 Rc8 27. Rxc8+ Kxc8 28. Rxh6 Qd4 29. g3 d6 30. Qe4 Qxb2 31. Kg2 Nc7 32. exd6 Bxd6 33. Qc6 Qd4 34. Rxh7 Rd8 35. Kh3 Qc4 36. Qf3 Qxa2 37. Ne4 Qd5 38. Rf7 Kb8 39. Kg2 Qc6 40. Ngf6 1/2-1/2

[Event "84th Tata Steel Challengers 2022"]
[Site "Wijk aan Zee"]
[Date "2022.01.18"]
[Round "4.6"]
[White "Dardha, Daniel"]
[Black "Ganguly, Surya Shekhar"]
[Result "1/2-1/2"]
[WhiteElo "2533"]
[BlackElo "2627"]
[Annotator "TA"]
[PlyCount "114"]
[EventDate "2022.01.15"]
[EventType "tourn"]
[EventCountry "NED"]
[SourceTitle "playchess.com"]
[Source "ChessBase"]
[SourceQuality "1"]

1. d4 Nf6 2. c4 e6 3. Nc3 Bb4 4. Qc2 O-O 5. e4 d5 6. e5 Ne4 7. Bd3 c5 8. Nf3 cxd4 9. Nxd4 Nd7 10. Bf4 Qh4 11. g3 Qh5 12. O-O g5 13. cxd5 Bxc3 14. bxc3 exd5 15. Be3 Nxe5 16. f3 Nc5 17. Bf5 Ne6 18. Rae1 Nxd4 19. Bxd4 Nc6 20. Be3 Re8 21. g4 Bxf5 22. Qxf5 Qg6 23. Qxg5 Re5 24. Qxg6+ fxg6 25. Bf4 Rxe1 26. Rxe1 Kf7 27. Kf2 Re8 28. Rb1 b6 29. Rd1 Ne7 30. Bg5 Rc8 31. Re1 Ng8 32. Rd1 Nf6 33. Rd3 Rc4 34. Kg3 Ra4 35. Bxf6 Kxf6 36. Rxd5 Rxa2 37. Rd7 h6 38. h4 Ra3 39. c4 Ra4 40. Rc7 a5 41. Rc6+ Kg7 42. h5 gxh5 43. gxh5 Rb4 44. c5 bxc5 45. Rxc5 Ra4 46. Rc6 Ra1 47. f4 a4 48. Ra6 a3 49. Kg4 a2 50. Kf5 Kf7 51. Ra3 Kg8 52. Ra7 Kh8 53. Kf6 Rf1 54. Rxa2 Rxf4+ 55. Kg6 Rf8 56. Rg2 Rg8+ 57. Kxh6 Rxg2 1/2-1/2